000 01148cam a22002777i 4500
001 17959669
005 20250703153109.0
008 131202t20142014sz a b 001 0 eng d
020 _a9783319031125
020 _a3319031120
020 _z9783319031132 (eBook)
050 0 0 _aHD2741
_b.R256 2014
082 0 4 _a658.4
_223
100 1 _aRampersad, Hubert K.,
_eauthor.
245 1 0 _aAuthentic governance :
_baligning personal governance with corporate governance /
_cHubert Rampersad, Saleh Hussain.
300 _axii, 253 pages :
_billustrations (some color) ;
_c24 cm.
650 0 _aCorporate governance.
650 0 _aManagement.
650 7 _aCorporate governance.
_2fast
_0(OCoLC)fst00879649
650 7 _aManagement.
_2fast
_0(OCoLC)fst01007141
700 1 _aHussain, Saleh,
_d1947-
_eauthor.
856 4 2 _3Contributor biographical information
_uhttps://www.loc.gov/catdir/enhancements/fy1702/2013956619-b.html
856 4 2 _3Publisher description
_uhttps://www.loc.gov/catdir/enhancements/fy1702/2013956619-d.html
856 4 1 _3Table of contents only
_uhttps://www.loc.gov/catdir/enhancements/fy1702/2013956619-t.html
942 _2lcc
_cBK
_n0
999 _c6836
_d6836